Word Ladder: Not Hard, Not Short Quiz Stats

 Plays Quiz Updated Nov 6, 2014

Challenge
Share
Tweet
Embed
Score 0/18 Timer 02:00
1 Play Today
Hint 4-Letter Word % Correct
QuickFAST
98.1%
Right compass directionEAST
97.3%
AutumnFALL
95.1%
Not foundLOST
93.3%
Not winLOSE
92.8%
- Not short -TALL
91.5%
- Not hard -EASY
90.7%
- Not hard -SOFT
89.6%
Not with othersLONE
87.6%
Hint 4-Letter Word % Correct
- Not short -LONG
84.5%
SensedFELT
84.4%
Storage space below the roofLOFT
84.4%
Window shelfSILL
83.6%
Cash drawerTILL
82.7%
Cut downFELL
82.7%
PartyFEST
82.4%
Sediment depositSILT
79.9%
Use a sieveSIFT
79%

Today's Daily Dose

You're not logged in!

Compare scores with friends on all Sporcle quizzes.
OR
Log In

You Might Also Like...

Show Comments

Extras

Top Quizzes Today


Score Distribution

Your Account Isn't Verified!

In order to create a playlist on Sporcle, you need to verify the email address you used during registration. Go to your Sporcle Settings to finish the process.

Report this User

Report this user for behavior that violates our Community Guidelines.

Details: